000 00440nam a22001697a 4500
003 DO-SdBNP
005 20180212131824.0
008 180212b sp||||| |||| 00| 0 spa d
020 _a2764119097
040 _aBPMSU
_bspa
_cBPMSU
245 _aLibros de actividades para chicos curiosos
260 _aMontreal
_bLexus
_c2006
300 _a4 v,
_bil.
_c30 cm
942 _2ddc
_cBK
945 _ainventariado, 2018 / dg
956 _adgarcia
_b10
999 _c13283
_d13283